| 000 | 01212nam a2200301 c 4500 | ||
|---|---|---|---|
| 003 | BLK | ||
| 005 | 20180421001038.0 | ||
| 008 | 180411b bul|||||r ||||||| ||bul|| | ||
| 010 | _aKNG00205346000 | ||
| 040 | _aBLK | ||
| 041 |
_aBUL _cBUL |
||
| 080 |
_aФорми на предприятията в зависимост от отношението към собствеността... _b334.72 _x _z334.72 |
||
| 100 | 1 |
_aПърванов, Христо Първанов _eпърви автор _9248720 |
|
| 139 |
_aПърванов, Христо Първанов _bП 97 |
||
| 245 | 1 | 0 |
_aГолемият бизнес на малката фирма _bПътят на преуспяващия : Разраб. _cХристо Първанов Първанов. |
| 250 | _a2. прераб. и доп. изд. | ||
| 257 | _aBGR | ||
| 260 |
_аСофия _bВенел _c1990 |
||
| 300 |
_a174 с. _c20 см |
||
| 380 | _a3 | ||
| 500 | _a1. изд. 1990. - 5 000 тир. | ||
| 650 | 4 |
_aФирми - маркетингова дейност _9255793 |
|
| 852 | _aЦб 165141 | ||
| 856 | 4 |
_qpdf _u |
|
| 856 | 4 |
_qpdf _u |
|
| 942 |
_cKNG _n0 |
||
| 944 |
_aCR _c20.04.2017 _kПравда_Бадева |
||
| 944 |
_aED _c20.04.2017 _kПравда_Бадева |
||
| 999 |
_c196090 _d196090 |
||